| 000 | 00345nam a2200133Ia 4500 | ||
|---|---|---|---|
| 008 | 240624s9999 xx 000 0 und d | ||
| 041 | _aeng | ||
| 082 | _a371.3 MER | ||
| 100 | _aMERRILL M DAVID | ||
| 245 | _aFIRST PRINCIPLES OF INSTRUCTION IDENTIFY | ||
| 260 |
_c2013 _aSan Francisco _bWiley |
||
| 300 | _axxii, 494 p.; 23 cm. | ||
| 365 |
_c _b30 |
||
| 999 |
_c31120 _d31120 |
||